|
|
|
|
| LEADER |
00000nam a2200000 i 4500 |
| 001 |
115640 |
| 003 |
CZ ZlUTB |
| 005 |
20260513101605.0 |
| 007 |
ta |
| 008 |
260513s2025 xo a e p 000 0 slo d |
| 020 |
|
|
|a 978-80-571-0790-3
|q (brožováno)
|
| 040 |
|
|
|a ZLD002
|b cze
|e rda
|
| 072 |
|
7 |
|a 341
|x Mezinárodní právo
|2 Konspekt
|9 16
|
| 072 |
|
7 |
|a 37.016
|x Učební osnovy. Vyučovací předměty. Učebnice
|2 Konspekt
|9 22
|
| 080 |
|
|
|a 614.39
|2 MRF
|
| 080 |
|
|
|a 34:61
|2 MRF
|
| 080 |
|
|
|a 364.32
|2 MRF
|
| 080 |
|
|
|a 614.253.83
|2 MRF
|
| 080 |
|
|
|a 341.171(4)
|2 MRF
|
| 080 |
|
|
|a (075.8)
|2 MRF
|
| 100 |
1 |
|
|a Nováková, Mária,
|d 1971-
|7 mzk20201062518
|4 aut
|
| 245 |
1 |
0 |
|a Právo cezhraničnej zdravotnej starostlivosti /
|c Mária Nováková, Silvia Capíková, Zuzana Macková, Soňa Kašická
|
| 250 |
|
|
|a Prvé vydanie
|
| 264 |
|
1 |
|a Bratislava :
|b Wolters Kluwer,
|c 2025
|
| 300 |
|
|
|a 291 stran :
|b ilustrace ;
|c 21 cm
|
| 336 |
|
|
|a text
|b txt
|2 rdacontent
|
| 337 |
|
|
|a bez média
|b n
|2 rdamedia
|
| 338 |
|
|
|a svazek
|b nc
|2 rdacarrier
|
| 490 |
1 |
|
|a Učebnica
|
| 500 |
|
|
|a Vydáno ve spolupráci s Univerzitou Komenského v Bratislavě
|
| 500 |
|
|
|a Právnická fakulta, Univerzita Komenského v Bratislave--Obálka
|
| 504 |
|
|
|a Obsahuje bibliografii a bibliografické odkazy
|
| 610 |
2 |
7 |
|a Evropská unie
|7 kn20010711086
|2 czenas
|
| 650 |
0 |
7 |
|a zdravotní služby
|7 ph676812
|2 czenas
|
| 650 |
0 |
7 |
|a zdravotnické právo
|7 ph180711
|2 czenas
|
| 650 |
0 |
7 |
|a zdravotní pojištění
|7 ph116746
|2 czenas
|
| 650 |
0 |
7 |
|a práva pacientů
|7 ph264923
|2 czenas
|
| 650 |
0 |
7 |
|a evropské právo
|7 ph121776
|2 czenas
|
| 650 |
0 |
9 |
|a health services
|2 eczenas
|
| 650 |
0 |
9 |
|a medical law
|2 eczenas
|
| 650 |
0 |
9 |
|a health insurance
|2 eczenas
|
| 650 |
0 |
9 |
|a patient rights
|2 eczenas
|
| 650 |
0 |
9 |
|a European law
|2 eczenas
|
| 655 |
|
7 |
|a učebnice vysokých škol
|7 fd133772
|2 czenas
|
| 655 |
|
9 |
|a textbooks (higher)
|2 eczenas
|
| 700 |
1 |
|
|a Capíková, Silvia
|7 jo2014811935
|4 aut
|
| 700 |
1 |
|
|a Macková, Zuzana,
|d 1966-
|7 mzk2007394893
|4 aut
|
| 700 |
1 |
|
|a Kašická, Soňa
|4 aut
|
| 710 |
2 |
|
|a Wolters Kluwer (firma)
|7 xx0342201
|4 pbl
|
| 710 |
2 |
|
|a Univerzita Komenského v Bratislave
|7 kn20010710050
|4 pbl
|
| 830 |
|
0 |
|a Učebnica (Wolters Kluwer)
|
| 910 |
|
|
|a ZLD002
|
| 942 |
|
|
|2 udc
|
| 952 |
|
|
|0 0
|1 0
|4 0
|5 0
|6 34NOVÁKOVÁM
|7 -1
|8 BOOK
|9 191129
|a UTBZL
|b UTBZL
|c 005
|d 2026-05-13
|l 0
|o 34/NOVÁKOVÁ,M.
|p 420010201552
|r 2026-05-13 10:16:39
|v 566.00
|w 2026-05-13
|x N:nákup
|y 01
|
| 992 |
|
|
|a BK
|b SKNEW
|
| 999 |
|
|
|c 115640
|d 115640
|